Discurso sin compromiso : la política pública de derechos humanos en Colombia /
Сохранить в:
| Главный автор: | |
|---|---|
| Формат: | |
| Язык: | испанский |
| Опубликовано: |
Bogotá, Colombia :
Aurora,
2006, c2006
|
| Предметы: | |
| Метки: |
Нет меток, Требуется 1-ая метка записи!
|
MARC
| LEADER | 00000nam^a2200000^a^4500 | ||
|---|---|---|---|
| 001 | 000194712 | ||
| 005 | 20250521000000.0 | ||
| 009 | 20260310102725.658 | ||
| 020 | |a 958-9136-25-7 | ||
| 037 | |a Acervo ITESO - Biblioteca | ||
| 041 | |a ESP | ||
| 082 | |a 323. 09861 |b ROT | ||
| 100 | |a Roth Deubel, André-Noël |e (autor) | ||
| 245 | 1 | 0 | |a Discurso sin compromiso : |b la política pública de derechos humanos en Colombia / |c A.N. Roth Deubel. |
| 264 | 4 | |a Bogotá, Colombia : |b Aurora, |c 2006, c2006 | |
| 300 | |a 214 p. | ||
| 336 | |a texto |b txt |2 rdacontenido | ||
| 337 | |a sin mediación |b n |2 rdamedio | ||
| 338 | |a volumen |b nc |2 rdasoporte | ||
| 649 | |a XX | ||
| 650 | |a Derechos Humanos - |z Colombia - |x Tema Principal | ||
| 650 | |a Derechos Humanos - |x Historia | ||
| 650 | |a Políticas Públicas - |z Colombia | ||
| 650 | |a Políticas Públicas | ||
| 650 | |a Seguridad Pública - |z Colombia | ||
| 650 | |a Seguridad Pública | ||
| 650 | |a Política - |z Colombia - |x Historia - |y 1990-1999 | ||
| 650 | |a Política - |z Colombia - |x Historia - |y 2002-2010 | ||
| 910 | |a Fondo General | ||
| 920 | |a Impresos - Libros | ||
| 930 | |a Colección General | ||
| 905 | |a 101 | ||
| 901 | |a 0500139796 |b IT1 |c ACC |u 20250521 | ||
| 902 | |a https://opac.biblio.iteso.mx/vufind/Record/000194712 | ||